LEADER 01009nam0-22003731i-450 001 990001605810403321 005 20190110092320.0 035 $a000160581 035 $aFED01000160581 035 $a(Aleph)000160581FED01 035 $a000160581 100 $a20030910d1974----km-y0itay50------ba 101 0 $aita 102 $aIT 200 1 $aElementi di estimo civile, rurale e catastale$fGiuseppe Medici 205 $a8. ed 210 $aBologna$cEdagricole$d1974 215 $aXVIII, 545 p.$d23 cm 610 0 $aEstimo civile 610 0 $aEstimo catastale 610 0 $aEstimo rurale 676 $a333.335 676 $a333.337 676 $a333.332 700 1$aMedici,$bGiuseppe$f<1907-2000>$03599 801 0$aIT$bUNINA$gRICA$2UNIMARC 901 $aBK 912 $a990001605810403321 952 $a330-60$b246$fDMVBF 952 $a60 333.332 B 48$b45138$fFAGBC 959 $aFAGBC 959 $aDMVBF 996 $aElementi di estimo civile, rurale e catastale$9368413 997 $aUNINA LEADER 01075nam 2200397 450 001 9910468021003321 005 20200520144314.0 010 $a2-39009-304-3 035 $a(CKB)4340000000266702 035 $a(MiAaPQ)EBC5357713 035 $a(Au-PeEL)EBL5357713 035 $a(CaPaEBR)ebr11550916 035 $a(OCoLC)1034574552 035 $a(EXLCZ)994340000000266702 100 $a20190113d2018 uy 0 101 0 $afre 135 $aurcnu|||||||| 181 $ctxt$2rdacontent 182 $cc$2rdamedia 183 $acr$2rdacarrier 200 10$aHistoire de seins /$fMarc Lemonier 210 1$aParis :$cEditions Jourdan,$d[2018] 215 $a1 online resource (309 pages) $cillustrations 311 $a2-87466-475-8 606 $aBreast$xHistory 608 $aElectronic books. 615 0$aBreast$xHistory. 676 $a612.664 700 $aLemonier$b Marc$0996309 801 0$bMiAaPQ 801 1$bMiAaPQ 801 2$bMiAaPQ 906 $aBOOK 912 $a9910468021003321 996 $aHistoire de seins$92283545 997 $aUNINA